000 00322nam a22001337a 4500
008 180917b xxu||||| |||| 00| 0 eng d
020 _a9780534338565
041 _aeng
080 _25 ED
_a159.9
100 _a48
101 _aPSI
245 _aTheory Of Counseling And Psychotherapy
_cCorey.G
942 _2udc
_cBK
999 _c47841
_d47841